00655nam a22002057a 450000500170000000800410001701000110005801100110006902000180008003500110009808200200010911000080012924501600013726000230029730000130032050000480033359000420038190100070042399900190043020220817044509.0111110s2011 it a r 00110 eng d a102527 a103499 a9789251068786 a11418804a582.01662bF21y2 aFAO10aReport of the lake victoria fisheries organization and FAO regional stakeholders workshop on fishing effort and capacity on lake victoriac/por FAO aRome :bFAO,c2008 av, 58 p. aMukono, Republic of Uganda, 8 November 2006 aCONVERSIONb10c20130109lUCH01h1356 aBK c102527d102527